[Event "Kieler Open 2016-B"]
[Site "Kiel"]
[Date "2016.08.04"]
[Round "8.12"]
[White "Kathage, Holger"]
[Black "Hoppe, Marc"]
[Result "1-0"]
[WhiteElo "1740"]
[BlackElo "1381"]
[PlyCount "65"]

1. d4 d5 2. Nf3 Nf6 3. e3 e6 4. c3 c5 5. Bd3 Nc6 6. Nbd2 Bd6 7. O-O O-O 8. Qe2
h6 9. e4 dxe4 10. Nxe4 Nxe4 11. Qxe4 f5 12. Qe2 cxd4 13. cxd4 Rf6 14. b3 Rg6
15. Bb2 Nb4 16. Bc4 Nd5 17. g3 Nf4 18. Qd1 b6 19. Re1 Bb4 20. Re3 h5 21. Ne5
Rg5 22. h4 Nh3+ 23. Kf1 Rg4 24. Nxg4 fxg4 25. d5 Qf8 26. Qe2 Nxf2 27. Qxf2
Qxf2+ 28. Kxf2 Bc5 29. dxe6 Bb7 30. e7+ Kh7 31. Bf7 Bxe3+ 32. Kxe3 Bc6 33. Rd1
1-0

[Event "Kieler Open 2016-B"]
[Site "Kiel"]
[Date "2016.08.04"]
[Round "8.13"]
[White "Dambrowski, Ralf"]
[Black "Beyer, Mirko"]
[Result "0-1"]
[WhiteElo "1476"]
[BlackElo "1397"]
[PlyCount "64"]

1. d4 c6 2. c4 d5 3. Nc3 Nf6 4. Nf3 h6 5. e3 Bf5 6. Be2 e6 7. O-O Nbd7 8. Bd2
Bd6 9. cxd5 cxd5 10. Rc1 a6 11. h3 O-O 12. Qb3 Rb8 13. a4 g5 14. Rfd1 Kh8 15.
Nh2 Rg8 16. Ng4 Rg6 17. Be1 h5 18. Bd3 Bxd3 19. Nxf6 Bc4 20. Qc2 Qxf6 21. b3
Bxb3 22. Qxb3 g4 23. hxg4 Rxg4 24. f3 Rg6 25. e4 Qg7 26. Rc2 dxe4 27. Nxe4 Bf4
28. g3 f5 29. Kf1 fxe4 30. gxf4 Rg1+ 31. Ke2 Qg2+ 32. Ke3 Qxf3+ 0-1

[Event "Kieler Open 2016-B"]
[Site "Kiel"]
[Date "2016.08.04"]
[Round "8.14"]
[White "Mock, Gabriel"]
[Black "Malina, Marcus"]
[Result "0-1"]
[WhiteElo "1444"]
[BlackElo "1565"]
[PlyCount "53"]

1. e4 e5 2. Nf3 Nc6 3. Bc4 Nf6 4. Nc3 h6 5. d4 exd4 6. Nxd4 Bb4 7. Qd3 Ne5 8.
Qe2 Bxc3+ 9. bxc3 Nxc4 10. Qxc4 O-O 11. e5 Re8 12. f4 d6 13. Nf3 dxe5 14. fxe5
c6 15. O-O Ng4 16. h3 Qb6+ 17. Kh1 Ne3 18. Bxe3 Qxe3 19. Rae1 Be6 20. Qxe6 Qxc3
21. Qb3 Qc5 22. Rd1 Rad8 23. Rxd8 Rxd8 24. Qxb7 Qxc2 25. Qxa7 Qe2 26. Qxf7+
Kxf7 27. Nd4+ 0-1

[Event "Kieler Open 2016-B"]
[Site "Kiel"]
[Date "2016.08.04"]
[Round "8.15"]
[White "Teichmann, Axel"]
[Black "Hartendauer, Frank"]
[Result "1/2-1/2"]
[WhiteElo "1823"]
[BlackElo "1710"]
[PlyCount "122"]

1. e4 e6 2. d4 d5 3. Nc3 Bb4 4. exd5 exd5 5. Bd2 Nf6 6. Nf3 O-O 7. a3 Bd6 8.
Bd3 Re8+ 9. Be2 Bf5 10. Bg5 c6 11. O-O Nbd7 12. Bd3 Bxd3 13. Qxd3 h6 14. Bh4
Qc7 15. Rfe1 Rxe1+ 16. Rxe1 Re8 17. Rxe8+ Nxe8 18. Bg3 Nef6 19. Bxd6 Qxd6 20.
Qf5 Qe6 21. Qxe6 fxe6 22. h3 Kf8 23. g4 g5 24. Kf1 Ke7 25. b4 Kd6 26. Ke2 e5
27. dxe5+ Nxe5 28. Nd4 h5 29. Nf5+ Kd7 30. f3 hxg4 31. hxg4 Nc4 32. a4 Ke6 33.
Nd1 Ke5 34. Nde3 Nxe3 35. Kxe3 b6 36. Nd4 Kd6 37. c3 a6 38. b5 axb5 39. axb5 c5
40. Nc6 Ke6 41. Kf2 Ne8 42. Kg3 Nd6 43. f4 gxf4+ 44. Kxf4 Kf6 45. g5+ Kg7 46.
Ne7 Nxb5 47. Nxd5 Kg6 48. c4 Nd4 49. Nxb6 Ne6+ 50. Ke5 Nd4 51. Kd5 Nb3 52. Nd7
Nd2 53. Nxc5 Nxc4 54. Ne4 Ne3+ 55. Ke5 Nc4+ 56. Kf4 Na5 57. Ng3 Nb7 58. Nf5 Nd8
59. Ne7+ Kg7 60. Kf5 Nf7 61. g6 Nh8 1/2-1/2

[Event "Kieler Open 2016-B"]
[Site "Kiel"]
[Date "2016.08.04"]
[Round "8.16"]
[White "Behrendt, Matthias"]
[Black "Günther, Emil"]
[Result "1-0"]
[WhiteElo "1638"]
[BlackElo "1282"]
[PlyCount "41"]

1. d4 Nf6 2. Nf3 g6 3. b3 Bg7 4. Bb2 d5 5. c4 dxc4 6. bxc4 c6 7. e3 Bf5 8. Nbd2
O-O 9. Be2 Na6 10. a3 Nc7 11. O-O Re8 12. Rc1 h6 13. Qb3 Qc8 14. Ne5 Rb8 15.
Bf3 Nd7 16. Nd3 e5 17. e4 Bxe4 18. Nxe4 f5 19. Nd6 Qd8 20. c5+ Kh7 21. Nxe8 1-0

[Event "Kieler Open 2016-B"]
[Site "Kiel"]
[Date "2016.08.04"]
[Round "8.17"]
[White "Engel, Peter"]
[Black "Keir, Robin"]
[Result "0-1"]
[WhiteElo "1450"]
[BlackElo "1361"]
[PlyCount "78"]

1. e4 c5 2. Nf3 d6 3. d4 cxd4 4. Qxd4 Nc6 5. Bb5 Bd7 6. Bxc6 Bxc6 7. c4 e5 8.
Qd3 Nf6 9. Nc3 Be7 10. O-O O-O 11. b3 a6 12. a4 Rc8 13. Ng5 h6 14. Nh3 Nd7 15.
b4 b6 16. b5 Nc5 17. Qe2 Bb7 18. f4 Ne6 19. Qd1 Rxc4 20. Qd3 Qc8 21. Bd2 Nd4
22. Rab1 Qc5 23. Kh1 a5 24. f5 d5 25. Qg3 Bf6 26. Bxh6 Rxc3 27. Qg4 Rxh3 28.
gxh3 dxe4 29. Be3 Qc2 30. Rbe1 Nf3 31. Rf2 Qd3 32. Ref1 Qxe3 33. Rg2 Rd8 34. h4
Rd2 35. h5 Rxg2 36. Qxg2 Qh6 37. Qg4 e3 38. Qg2 e2 39. Qxe2 Nd4+ 0-1

[Event "Kieler Open 2016-B"]
[Site "Kiel"]
[Date "2016.08.04"]
[Round "8.18"]
[White "Weck, Uwe"]
[Black "Howe, Dietrich"]
[Result "1-0"]
[WhiteElo "1663"]
[BlackElo "1560"]
[PlyCount "89"]

1. c4 Nf6 2. Nc3 e6 3. g3 c5 4. Bg2 d5 5. cxd5 exd5 6. d4 Be6 7. Nf3 Qc7 8. O-O
a6 9. e3 b5 10. Ng5 Nc6 11. dxc5 Bxc5 12. Bxd5 Bxd5 13. Nxd5 Nxd5 14. Qxd5 Nd8
15. Qxa8 O-O 16. Qe4 f5 17. Qd5+ Kh8 18. Ne6 Nxe6 19. Qxe6 Qb7 20. Bd2 Rf6 21.
Qe8+ Bf8 22. Bb4 Kg8 23. Bxf8 Rxf8 24. Qe6+ Kh8 25. Rfd1 Qb8 26. Rd4 Qc7 27.
Rad1 h6 28. Rd7 Qc2 29. Qe7 Rg8 30. Qb4 Rc8 31. Rd8+ Rxd8 32. Rxd8+ Kh7 33. Qc3
Qb1+ 34. Kg2 Qe4+ 35. f3 Qe7 36. Qd4 Qf7 37. Rd7 Qg6 38. Rd6 Qf7 39. Qd5 Qh5
40. Rd8 Qg5 41. Qg8+ Kg6 42. Rd6+ Kh5 43. Qf7+ g6 44. Qe6 b4 45. h4 1-0

[Event "Kieler Open 2016-B"]
[Site "Kiel"]
[Date "2016.08.04"]
[Round "8.19"]
[White "Dao, Jörg"]
[Black "Rulfs, Ernst-August"]
[Result "1-0"]
[WhiteElo "1460"]
[BlackElo "1574"]
[PlyCount "68"]

1. h4 Nf6 2. d4 d5 3. Be3 Bf5 4. Nd2 h6 5. f3 e6 6. g4 Bh7 7. Bf2 Nbd7 8. e3 c5
9. c3 cxd4 10. cxd4 Qb6 11. Qb3 Bb4 12. Rc1 O-O 13. Ne2 Bxd2+ 14. Kxd2 Qxb3 15.
axb3 Rac8 16. Nc3 a6 17. Bg3 Rc6 18. Ra1 Rfc8 19. Be2 b5 20. b4 Nb6 21. Rhc1
Nc4+ 22. Bxc4 bxc4 23. Ra5 Rb8 24. Bxb8 Nd7 25. Ba7 Nb6 26. Rxa6 1/2-1/2

[Event "Kieler Open 2016-B"]
[Site "Kiel"]
[Date "2016.08.04"]
[Round "8.20"]
[White "Spreu, Jörg"]
[Black "Müller, Richard"]
[Result "1/2-1/2"]
[WhiteElo "1420"]
[BlackElo "1500"]
[PlyCount "51"]

1. e4 c5 2. Nf3 Nc6 3. d4 cxd4 4. Nxd4 e5 5. Nxc6 bxc6 6. c4 Bb7 7. Nc3 Nf6 8.
Bd3 h6 9. O-O Bc5 10. Na4 Bd4 11. c5 O-O 12. Rb1 Qe7 13. b4 Rfd8 14. Bb2 d5 15.
Bxd4 dxe4 16. Be3 exd3 17. Rb2 Ba6 18. Bd2 e4 19. Re1 Nd5 20. Rb3 f5 21. Nc3
Nxc3 22. Rxc3 g6 23. Bxh6 g5 24. Qd2 f4 25. h4 gxh4 26. Bxf4 Rd4 27. a3 Qh7 28.
Be5 Rd5 29. Qg5+ Kf8 30. Qf6+ Qf7 31. Qxf7+ Kxf7 32. Bf4 Re8 33. Bd2 Bb5 34.
Rcc1 Kf6 1-0

[Event "Kieler Open 2016-B"]
[Site "Kiel"]
[Date "2016.08.04"]
[Round "8.21"]
[White "Korte, Andreas"]
[Black "Bunke, Mike"]
[Result "1-0"]
[WhiteElo "1554"]
[BlackElo "1683"]
[PlyCount "27"]

1. c4 Nf6 2. Nc3 g6 3. g3 Bg7 4. Bg2 O-O 5. e3 c5 6. Nge2 Nc6 7. O-O b6 8. d4
cxd4 9. exd4 Rb8 10. Qa4 Na5 11. b4 Nb7 12. Qxa7 Qc7 13. c5 bxc5 14. Nb5 1-0

[Event "Kieler Open 2016-B"]
[Site "Kiel"]
[Date "2016.08.06"]
[Round "9.1"]
[White "Zechel, Rolf-Rüdiger"]
[Black "Basey, Matthew"]
[Result "1/2-1/2"]
[WhiteElo "1654"]
[BlackElo "1500"]
[Annotator "Horn"]
[PlyCount "27"]

1. d4 d5 2. c4 Nc6 3. Nf3 Bg4 4. e3 e6 5. cxd5 exd5 6. Be2 Bxf3 7. Bxf3 Nf6 8.
Nc3 Bb4 9. a3 Bxc3+ 10. bxc3 O-O {=} 11. O-O Re8 12. Qc2 Na5 13. Rb1 b6 14. Rd1
1/2-1/2

[Event "Kieler Open 2016-B"]
[Site "Kiel"]
[Date "2016.08.06"]
[Round "9.2"]
[White "Plichta, Hans-Reiner"]
[Black "Aksüt, Önder"]
[Result "1-0"]
[WhiteElo "1793"]
[BlackElo "1653"]
[PlyCount "27"]

1. d4 d5 2. c4 Nc6 3. e3 Nf6 4. Nc3 Bf5 5. Bd3 Qd7 6. cxd5 Nb4 7. Bxf5 Qxf5 8.
Qa4+ Nc6 9. dxc6 b6 10. Nf3 g5 11. Qb5 Qc2 12. Qe2 Qg6 13. Ne5 Qg7 14. Ng4 1-0

[Event "Kieler Open 2016-B"]
[Site "Kiel"]
[Date "2016.08.06"]
[Round "9.3"]
[White "Schwerdt, Alwin Elias"]
[Black "Jung, Ingo"]
[Result "0-1"]
[WhiteElo "1454"]
[BlackElo "1656"]
[PlyCount "76"]

1. e4 d5 2. exd5 Qxd5 3. Nc3 Qa5 4. Bc4 Nf6 5. Nf3 c6 6. O-O Bg4 7. d4 e6 8.
Qd3 Bd6 9. Ne4 Nxe4 10. Qxe4 Bf5 11. Qe2 O-O 12. Nh4 Bg6 13. Nxg6 hxg6 14. Bxe6
Re8 15. Bxf7+ Kxf7 16. Qf3+ Qf5 17. Qb3+ Kf8 18. Qxb7 Nd7 19. Qxc6 Qe6 20. Qf3+
Nf6 21. Be3 Kg8 {=} 22. Rfe1 Qc4 23. Qe2 Qc7 24. g3 Qd7 25. Qf3 Rf8 26. Qg2 Qf5
27. c4 Bb4 28. Red1 Qc2 29. b3 Ba3 30. d5 Ne4 31. Bd4 Bb2 32. Bxb2 Rxf2 33. Qh1
Ng5 34. h4 Nf3+ 35. Qxf3 Rxf3 36. Be5 Rf2 37. Rd3 Rg2+ 38. Kf1 Qf2# 0-1

[Event "Kieler Open 2016-B"]
[Site "Kiel"]
[Date "2016.08.06"]
[Round "9.4"]
[White "Koch, Ralf-Johannes"]
[Black "Zielke, Bernd"]
[Result "1-0"]
[WhiteElo "1749"]
[BlackElo "1705"]
[PlyCount "95"]

1. e4 c5 2. Nc3 Nc6 3. f4 e6 4. Nf3 b6 5. d3 Bb7 6. g3 d6 7. Bg2 Qc7 8. O-O Nf6
9. Ne2 Be7 10. c3 O-O 11. h3 Nd7 12. g4 f5 13. Ng3 fxe4 14. dxe4 Rf7 15. f5 Nd8
16. Ng5 Bxg5 17. Bxg5 Ne5 18. Qe2 h6 19. Bf4 c4 20. Bxe5 dxe5 21. Rad1 Rc8 22.
Kh2 Kh7 23. Qd2 Bc6 24. g5 Rd7 25. Qe2 Ba4 26. Rd2 Rxd2 27. Qxd2 Qd7 28. g6+
Kg8 29. Qxd7 Bxd7 30. Rd1 Rc7 31. Bf3 Kf8 32. Bg4 Ke7 33. Nh5 exf5 34. exf5 Kf8
35. f6 gxf6 36. Rxd7 Rxd7 37. Bxd7 Ke7 38. Bb5 Ne6 39. Bxc4 f5 40. g7 Nxg7 41.
Nxg7 Kf6 42. Ne8+ Kg5 43. Nd6 Kf4 44. Kg2 e4 45. Kf2 h5 46. Nxf5 Kxf5 47. Ke3
h4 48. Bd5 1-0

[Event "Kieler Open 2016-B"]
[Site "Kiel"]
[Date "2016.08.06"]
[Round "9.5"]
[White "Eberhardt, Michael"]
[Black "Farokhi, Keyvan"]
[Result "1/2-1/2"]
[WhiteElo "1786"]
[BlackElo "1575"]
[PlyCount "116"]

1. d4 d5 2. Bf4 Nf6 3. e3 c6 4. Nf3 Bf5 5. c4 e6 6. Qb3 Qb6 7. c5 Qxb3 8. axb3
Nbd7 9. Be2 Be7 10. Nc3 O-O 11. b4 Ne4 12. O-O b6 13. Nxe4 Bxe4 14. b5 bxc5 15.
bxc6 Nf6 16. c7 cxd4 17. Ba6 dxe3 18. fxe3 Nh5 19. c8=Q Raxc8 20. Bxc8 Rxc8 21.
Rfc1 Rxc1+ 22. Rxc1 Nxf4 23. Rc8+ Bf8 24. exf4 f6 25. Nd2 Bd3 26. Nb3 Kf7 27.
Nc5 Bxc5+ 28. Rxc5 a6 29. Kf2 Bb5 30. g4 d4 31. Rc7+ Kf8 32. h4 e5 33. g5 e4
34. Rc5 e3+ 35. Ke1 d3 36. Rd5 d2+ 37. Kd1 Ba4+ 38. Ke2 d1=Q+ 39. Rxd1 Bxd1+
40. Kxd1 fxg5 41. hxg5 Kf7 42. Ke2 Kg6 43. Kxe3 Kf5 44. Kf3 h5 45. gxh6 gxh6
46. Kg3 h5 47. b4 h4+ 48. Kf3 h3 49. Kg3 h2 50. Kxh2 Kxf4 51. Kg1 Ke3 52. Kf1
Kd2 53. Kf2 Kc2 54. Ke2 Kb3 55. Kd2 Kxb4 56. Kc2 Ka3 57. Kb1 a5 58. Ka1 a4
1/2-1/2

[Event "Kieler Open 2016-B"]
[Site "Kiel"]
[Date "2016.08.06"]
[Round "9.6"]
[White "Bahr, Arne"]
[Black "Hogreve, Holger"]
[Result "1-0"]
[WhiteElo "1695"]
[BlackElo "1501"]
[PlyCount "123"]

1. f4 d5 2. b3 Bg4 3. h3 Bf5 4. Nf3 h6 5. Bb2 e6 6. e3 Nf6 7. g4 Be4 8. d3 Bxf3
9. Qxf3 c6 10. Bg2 Nbd7 11. O-O Qb6 12. Nc3 a6 13. Rae1 Qa7 14. Ne2 a5 15. Ng3
a4 16. g5 Ng8 17. Nh5 Rh7 18. Kh1 Qc5 19. c4 Qa5 20. cxd5 Qxd5 21. e4 Qa5 22.
f5 e5 23. g6 Rh8 24. gxf7+ Kxf7 25. Qg3 Ke7 26. Nxg7 Ngf6 27. Ne6 Rg8 28. Qf3
Kd6 29. Qe2 c5 30. Bf3 axb3 31. axb3 Qb5 32. Qc2 b6 33. Qc4 Qxc4 34. dxc4 Be7
35. Rd1+ Kc6 36. Kh2 Ra2 37. Rd2 h5 38. Ra1 Rxa1 39. Bxa1 h4 40. Rg2 Rxg2+ 41.
Kxg2 Nh7 42. Bc3 Ng5 43. Nxg5 Bxg5 44. Be2 Bf6 45. Kf3 Nf8 46. Kg4 Kd6 47. Be1
Nh7 48. Bxh4 Ke7 49. Bd3 Kf7 50. Bxf6 Kxf6 51. h4 Kf7 52. Kf3 Kf6 53. Ke3 Ke7
54. Be2 Kf6 55. Kd3 Nf8 56. Bh5 Nd7 57. Be8 Nb8 58. Bb5 Kg7 59. Ke3 Kf6 60. Kf3
Kg7 61. Kg4 Kf6 62. Kh5 1-0

[Event "Kieler Open 2016-B"]
[Site "Kiel"]
[Date "2016.08.06"]
[Round "9.7"]
[White "Salwasser, Christian"]
[Black "Oltmanns, Marc"]
[Result "0-1"]
[WhiteElo "1671"]
[BlackElo "1496"]
[PlyCount "44"]

1. e4 Nf6 2. e5 Nd5 3. Bc4 Nb6 4. Bb3 d6 5. exd6 exd6 6. Nc3 Nc6 7. d4 d5 8.
Bf4 Bb4 9. Qe2+ Be6 10. Qd3 O-O 11. O-O-O Na5 12. Qg3 Nxb3+ 13. cxb3 c6 14. h4
h5 15. Bh6 Qf6 16. Bg5 Qg6 17. Nge2 Qf5 18. Nf4 Bd6 19. Nce2 Rfe8 20. Qf3 f6
21. Qxh5 Bxf4+ 22. Nxf4 fxg5 0-1

[Event "Kieler Open 2016-B"]
[Site "Kiel"]
[Date "2016.08.06"]
[Round "9.8"]
[White "Neumann, Oskar"]
[Black "Mardini, Mohamed"]
[Result "1-0"]
[WhiteElo "1640"]
[BlackElo "1638"]
[PlyCount "58"]

1. e4 d5 2. exd5 Nf6 3. Nf3 Nxd5 4. d4 Nc6 5. Bb5 a6 6. Be2 Bg4 7. O-O e6 8.
Be3 Bd6 9. Qd2 Qd7 10. c3 O-O-O 11. Na3 f6 12. Nc2 h5 13. c4 Nxe3 14. fxe3 e5
15. d5 Ne7 16. Qa5 e4 17. Nfd4 Bxe2 18. Nxe2 Qg4 19. Ned4 Ng6 20. c5 Bxc5 21.
Qxc5 Ne5 22. Ne6 Rd7 23. Qa7 Rxd5 24. Qa8+ Kd7 25. Qxh8 Kxe6 26. Qc8+ Nd7 27.
Nd4+ Kd6 28. Qxb7 c5 29. Qc6+ Ke7 1-0

[Event "Kieler Open 2016-B"]
[Site "Kiel"]
[Date "2016.08.06"]
[Round "9.9"]
[White "Beyer, Mirko"]
[Black "Kathage, Holger"]
[Result "0-1"]
[WhiteElo "1397"]
[BlackElo "1740"]
[PlyCount "62"]

1. e4 c5 2. Nf3 d6 3. c3 Nf6 4. d3 g6 5. h3 Nc6 6. Be3 Bg7 7. Be2 Qc7 8. Nbd2
b6 9. Nb3 d5 10. exd5 Nxd5 11. Bd2 O-O 12. Qc1 Bb7 13. O-O Rfe8 14. Ng5 Rad8
15. Rd1 e5 16. g3 Bc8 17. h4 Nf6 18. Ne4 Ba6 19. Nxf6+ Bxf6 20. Be3 e4 21. Qc2
exd3 22. Bxd3 c4 23. Bf1 cxb3 24. Qxb3 Rxd1 25. Qxd1 Bb7 26. Qf3 Bg7 27. Bf4
Be5 28. Bh6 Nd4 29. Qd1 Nf3+ 30. Kh1 Nxh4+ 31. Kh2 Nf5 0-1

[Event "Kieler Open 2016-B"]
[Site "Kiel"]
[Date "2016.08.06"]
[Round "9.10"]
[White "Malina, Marcus"]
[Black "Behrendt, Matthias"]
[Result "1-0"]
[WhiteElo "1565"]
[BlackElo "1638"]
[PlyCount "67"]

1. e4 e6 2. d4 d5 3. exd5 exd5 4. Nc3 Be6 5. Nf3 Nd7 6. Bf4 c5 7. Be2 Ngf6 8.
O-O cxd4 9. Nxd4 a6 10. Bf3 Bc5 11. Nb3 Ba7 12. Bxd5 Nxd5 13. Nxd5 Rc8 14. Rc1
O-O 15. Qf3 Nf6 16. Nc3 b5 17. h3 h6 18. Rfd1 Bd7 19. Be5 Nh7 20. Qb7 Bxf2+ 21.
Kxf2 Qh4+ 22. Bg3 Qf6+ 23. Qf3 Qb6+ 24. Kf1 Bc6 25. Qf2 Qb7 26. Na5 Bxg2+ 27.
Qxg2 Qb6 28. Nb3 b4 29. Bf2 Qc7 30. Nd5 Qc4+ 31. Kg1 Rce8 32. Bc5 Re6 33. Bxf8
Rg6 34. Ne7+ 1-0

[Event "Kieler Open 2016-B"]
[Site "Kiel"]
[Date "2016.08.06"]
[Round "9.12"]
[White "Prasobhu, Pramod Kumar"]
[Black "Schumacher, Horst"]
[Result "1/2-1/2"]
[WhiteElo "1703"]
[BlackElo "1782"]
[PlyCount "57"]

1. e4 d5 2. exd5 Nf6 3. d4 Qxd5 4. Nc3 Qa5 5. Bd2 c6 6. Nf3 Qc7 7. Bd3 Bg4 8.
h3 Bh5 9. Qe2 Nbd7 10. Ne4 Nxe4 11. Bxe4 Nf6 12. Bf5 e6 13. g4 Bg6 14. Bxg6
hxg6 15. Ne5 O-O-O 16. c3 Bd6 17. f4 Bxe5 18. fxe5 Nd5 19. Bg5 f6 20. exf6 gxf6
21. Bd2 Qg3+ 22. Kd1 Qd6 23. Kc2 e5 24. Qc4 exd4 25. Qxd4 Nb4+ 26. Qxb4 Qxd2+
27. Kb3 Qd5+ 28. Qc4 Qxc4+ 29. Kxc4 1/2-1/2

[Event "Kieler Open 2016-B"]
[Site "Kiel"]
[Date "2016.08.06"]
[Round "9.13"]
[White "Hoppe, Marc"]
[Black "Weck, Uwe"]
[Result "1-0"]
[WhiteElo "1381"]
[BlackElo "1663"]
[PlyCount "111"]

1. d4 Nf6 2. c4 d5 3. e3 c6 4. Nf3 e6 5. Nc3 Bb4 6. Bd2 Nbd7 7. a3 Bxc3 8. bxc3
O-O 9. cxd5 exd5 10. c4 Re8 11. Bd3 h6 12. O-O c5 13. Qc2 cxd4 14. Nxd4 Ne5 15.
Be2 Qc7 16. cxd5 Qxc2 17. Nxc2 Nxd5 18. Nb4 Be6 19. f4 Nxb4 20. axb4 Red8 21.
Bc3 Nd7 22. Bf3 Rdb8 23. Rfd1 f6 24. Rd6 Kf7 25. Bd5 Bxd5 26. Rxd5 Nb6 27. Rd3
Rd8 28. Rxd8 Rxd8 29. Rxa7 Rd7 30. Bd4 Nd5 31. b5 Ke6 32. g4 g6 33. h4 h5 34.
g5 fxg5 35. fxg5 Kf5 36. Ra4 b6 37. Kf2 Re7 38. Bxb6 Nxb6 39. Rf4+ Ke5 40. Rf6
Re6 41. Rf7 Nd5 42. Kf3 Kd6 43. Ra7 Rxe3+ 44. Kf2 Rb3 45. Ra6+ Ke5 46. Rxg6
Rxb5 47. Rh6 Nf4 48. Rf6 Rb3 49. Ra6 Kf5 50. Ra4 Rh3 51. Ra5+ Kg4 52. g6 Kxh4
53. Ra4 Rh2+ 54. Kf3 Rg2 55. Rxf4+ Kh3 56. Rh4+ 1-0

[Event "Kieler Open 2016-B"]
[Site "Kiel"]
[Date "2016.08.06"]
[Round "9.14"]
[White "Hartendauer, Frank"]
[Black "Dambrowski, Ralf"]
[Result "1-0"]
[WhiteElo "1710"]
[BlackElo "1476"]
[PlyCount "63"]

1. d4 Nf6 2. c4 e5 3. dxe5 Ng4 4. e4 Nxe5 5. Bf4 Bb4+ 6. Nd2 Nbc6 7. a3 Qf6 8.
Bxe5 Bxd2+ 9. Qxd2 Nxe5 10. f3 c5 11. Nh3 O-O 12. Nf4 Qh6 13. Rd1 Ng6 14. Nd5
Qxd2+ 15. Rxd2 b6 16. Be2 Bb7 17. Nc3 Rad8 18. O-O Bc6 19. Rfd1 Rfe8 20. b4 a6
21. b5 axb5 22. cxb5 Ba8 23. Rxd7 Rxd7 24. Rxd7 Ne5 25. Rd6 Rb8 26. Na4 c4 27.
Nc3 h6 28. f4 Ng6 29. g3 Rc8 30. Kf2 Ne7 31. Rd4 Rc7 32. Rd8+ 1-0

[Event "Kieler Open 2016-B"]
[Site "Kiel"]
[Date "2016.08.06"]
[Round "9.15"]
[White "Keir, Robin"]
[Black "Dao, Jörg"]
[Result "1/2-1/2"]
[WhiteElo "1361"]
[BlackElo "1460"]
[PlyCount "71"]

1. d4 d5 2. Nf3 f6 3. e3 a6 4. Bd3 Bg4 5. c4 c6 6. Nc3 e6 7. Qb3 b5 8. cxd5
exd5 9. O-O Bxf3 10. gxf3 Bd6 11. e4 Ne7 12. exd5 Qc7 13. Ne4 Bxh2+ 14. Kh1
Nxd5 15. Re1 O-O 16. Nc5 Qd6 17. Bf5 Kh8 18. Ne6 Rg8 19. Bd2 a5 20. Qc2 g6 21.
Bd3 Bf4 22. Nxf4 Nxf4 23. Bxf4 Qxf4 24. Be4 Rc8 25. Re3 f5 26. Bd3 Qxd4 27.
Rae1 Qh4+ 28. Kg2 Qg5+ 29. Kf1 Nd7 30. Re7 Nf6 31. Qc3 b4 32. Qe5 h5 33. Re6
Kg7 34. Re7+ Kh6 35. Re6 Kg7 36. Re7+ 1/2-1/2

[Event "Kieler Open 2016-B"]
[Site "Kiel"]
[Date "2016.08.06"]
[Round "9.16"]
[White "Günther, Emil"]
[Black "Korte, Andreas"]
[Result "1-0"]
[WhiteElo "1282"]
[BlackElo "1554"]
[PlyCount "71"]

1. d4 d5 2. c4 e6 3. Nc3 c6 4. Nf3 Nf6 5. Bg5 Be7 6. e3 O-O 7. Bd3 dxc4 8. Bxc4
Nd5 9. Bxe7 Qxe7 10. O-O Nd7 11. Rc1 N7f6 12. Re1 Rd8 13. Qb3 g6 14. e4 Nb6 15.
d5 cxd5 16. exd5 Nxc4 17. Qxc4 a6 18. Rcd1 b5 19. Qb3 Rd6 20. Ne4 Nxe4 21. Rxe4
Bb7 22. Ree1 Bxd5 23. Rxd5 Rxd5 24. Qxd5 Rd8 25. Qe5 Rd5 26. Qb8+ Rd8 27. Qf4
Rc8 28. Qh4 Rc2 29. Qxe7 Rxb2 30. Ng5 Kg7 31. Qxf7+ Kh6 32. h4 Kh5 33. Qxh7+
Kg4 34. Qxg6 Rb4 35. Nxe6+ Kxh4 36. Qg5# 1-0

[Event "Kieler Open 2016-B"]
[Site "Kiel"]
[Date "2016.08.06"]
[Round "9.17"]
[White "Mock, Gabriel"]
[Black "Spreu, Jörg"]
[Result "0-1"]
[WhiteElo "1444"]
[BlackElo "1420"]
[PlyCount "46"]

1. e4 e5 2. Nf3 Nf6 3. Nxe5 d6 4. Nf3 Nxe4 5. d4 d5 6. Bd3 Nc6 7. O-O Be7 8.
Nbd2 f5 9. Bb5 O-O 10. Bxc6 bxc6 11. Nb3 c5 12. Bf4 a5 13. Ne5 Ra6 14. f3 a4
15. fxe4 axb3 16. cxb3 fxe4 17. a3 Raf6 18. Qd2 cxd4 19. Bg3 Rxf1+ 20. Rxf1
Rxf1+ 21. Kxf1 d3 22. Nc6 Bg5 23. Qa5 Qf6+ 0-1

[Event "Kieler Open 2016-B"]
[Site "Kiel"]
[Date "2016.08.06"]
[Round "9.18"]
[White "Howe, Dietrich"]
[Black "Müller, Richard"]
[Result "0-1"]
[WhiteElo "1560"]
[BlackElo "1500"]
[PlyCount "39"]

1. e4 c5 2. Nc3 Nc6 3. f4 d6 4. Bc4 Bd7 5. Nf3 e6 6. d3 Nf6 7. O-O Be7 8. a3 a6
9. Qe1 b5 10. Ba2 O-O 11. Nh4 Nxe4 12. Qxe4 Bxh4 13. Rf3 d5 14. Qe3 Bf6 15.
Qxc5 Bd4+ 16. Qxd4 Nxd4 17. Rf2 Qb6 18. Kh1 a5 19. Rf1 f6 20. Nd1 {...} 0-1

[Event "Kieler Open 2016-B"]
[Site "Kiel"]
[Date "2016.08.06"]
[Round "9.19"]
[White "Bunke, Mike"]
[Black "Rulfs, Ernst-August"]
[Result "1-0"]
[WhiteElo "1683"]
[BlackElo "1574"]
[PlyCount "55"]

1. c4 e5 2. g3 Nf6 3. Bg2 d5 4. cxd5 Nxd5 5. Nc3 Nxc3 6. bxc3 Nc6 7. d3 Bc5 8.
Nf3 O-O 9. O-O Rb8 10. Rb1 b5 11. Qc2 Bf5 12. Nh4 Ne7 13. Nxf5 Nxf5 14. d4 Nxd4
15. cxd4 Bxd4 16. Rd1 Qf6 17. e3 Bb6 18. Rxb5 c6 19. Qxc6 Rfd8 20. Rxd8+ Qxd8
21. Qd5 Qc7 22. Qc6 Qd8 23. Rd5 Qc8 24. Qxc8+ Rxc8 25. Rd1 f5 26. Bd5+ Kf8 27.
Ba3+ Bc5 28. Rc1 1-0